| 000 | 00614nam a22002057a 4500 | ||
|---|---|---|---|
| 999 |
_c768 _d768 |
||
| 001 | 10639 | ||
| 003 | BD-DhUAP | ||
| 005 | 20200127160310.0 | ||
| 008 | 200127s2004 ii ||||| |||| 00| 0 eng d | ||
| 020 | _a9848295046 | ||
| 040 |
_aBD-DhUAP _bEng _cBD-DhUAP _dBD-DhUAP |
||
| 082 |
_223 _a323 HUM |
||
| 245 |
_aHuman rights and good governance / _cEdited by Mizanur Rahman. |
||
| 260 |
_aDhaka : _bEmpowerment through Law of the Common People, _c2004. |
||
| 300 |
_a341 pages ; _c24 cm. |
||
| 650 |
_aHuman rights _zBangladesh. |
||
| 650 |
_aCivil society _zBangladesh. |
||
| 700 | _aRahman, Mizanur. | ||
| 942 |
_2ddc _cBK |
||